00233nam a2200085Ia 450000100070000000500170000700800410002424500620006526000200012772224620250826163308.0250824s9999 xx 000 0 und d 0aÇAYA DÜŞEN DEMcİSMAİL SAYDAM-TAHİR ERDOĞAN bHAYAT YAYINLARI